| 000 | 00671nam a22002057a 4500 | ||
|---|---|---|---|
| 005 | 20251108164322.0 | ||
| 008 | 250721s1990 xx 000 0 ara d | ||
| 082 | 1 | 4 | _a355.430095661/سلط |
| 100 | 1 | _aسلطان، عبد الرحمن | |
| 245 | 1 | 0 | _aأضواء على الإستراتيجية السعودية / |
| 264 | 1 |
_aعمان : _bالمؤسة العربية للشؤون الأستراتيجية، _c1990. |
|
| 300 | _a300ص. | ||
| 650 | 1 | 7 | _aالإستراتيجية |
| 650 | 1 | 7 | _aالسعودية |
| 650 | 1 | 7 | _aالتاريخ |
| 650 | 1 | 7 | _aالعلاقات الدولية |
| 650 | 1 | 7 | _aالبلدان العربية |
| 942 |
_2ddc _cBK |
||
| 999 |
_c9186 _d9186 |
||